Szczegóły MARC21

Przemiany islamizmów w Egipcie i Tunezji w cieniu Arabskiej Wiosny /

003 -Nazwa inst., której nr kontr. jest w polu 001 [,]
    • @
    • Nazwa instytucji, której n kontrolny jest w polu 001
    • NUKAT
005 -DATA I CZAS OSTATNIEJ MODYFIKACJI [,]
    • @
    • pole kontrolne
    • 20241231110925.0
020 -Międzynarod. znormalizowany nr książki - ISBN [ , ]
    • a
    • Numer ISBN
    • 9788376885353 Find
040 -Instytucja sporządzająca opis [ , ]
    • a
    • Instytucja, która sporządziła opis (NP)
    • Ł U/asl
    • b
    • Język katalogowania
    • pol
    • e
    • Zasady katalogowania
    • rda
    • c
    • Instytucja, która sporządziła rekord (NP)
    • Ł U/asl
    • d
    • Instytucja, która zmodyfikowała rekord (P)
    • Ł U/AG
    • d
    • Instytucja, która zmodyfikowała rekord (P)
    • Ł U/JSs
041 -Język dokumentu [0, ]
    • a
    • Język tekstu (P)
    • polski
    • b
    • Język streszczeń lub abstraktu (P)
    • angielski
942 -Rodzaj dokumentu [ , ]
    • c
    • Rodzaj dokumentu
    • Książka
100 -Hasło główne - nazwa osobowa [1, ]
    • a
    • Nazwa osobowa (NP)
    • Pędziwiatr, Konrad.
    • e
    • Rodzaj współpracy
    • Autor
    • 9
    • KHW
    • 63789
245 -Strefa tytułu i oznaczenia odpowiedzialności [1,0]
    • a
    • Tytuł
    • Przemiany islamizmów w Egipcie i Tunezji w cieniu Arabskiej Wiosny / Find
    • c
    • Pozostałe elementy strefy tytułu i oznaczenia odpowiedzialności (NP)
    • Konrad Pędziwiatr.
250 -Strefa wydania [ , ]
    • a
    • Oznaczenie wydania (NP)
    • Wydanie I.
260 -Strefa adresu wydawniczego [ , ]
    • a
    • Miejsce wydania (P)
    • Kraków :
    • b
    • Nazwa wydawcy (P)
    • Zakład Wydawniczy "Nomos",
    • c
    • Data wydania (P)
    • 2019.
300 -Strefa opisu fizycznego [ , ]
    • a
    • Określenie formy książki i/lub objętość (NP)
    • 298 stron :
    • b
    • Oznaczenie ilustracji (NP)
    • ilustracje ;
    • c
    • Format (NP)
    • 24 cm.
336 -Typ zawartości [ , ]
    • a
    • Termin opisujący typ zawartości
    • Tekst
    • b
    • Kod określający zawartość
    • txt
    • 2
    • Źródło (terminu i kodu)
    • rdacontent
337 -Typ mediów [ , ]
    • a
    • Tryb odtwarzania
    • Bez urządzenia pośredniczącego
    • b
    • Kod typu mediów
    • n
    • 2
    • Źródło (terminu i kodu)
    • rdamedia
338 -Typ/rodzaj nośnika [ , ]
    • a
    • Hasło opisujące typ nośnika
    • Wolumin
    • b
    • Kod typu nośnika
    • nc
    • 2
    • Źródło (terminu i kodu)
    • rdacarrier
504 -Uwaga dot. bibliogr. załącznikowej [ , ]
    • a
    • Uwaga dot. bibliografii załącznikowej
    • Bibliografia na stronach 269-290. Indeks.
536 -Uwaga dot. finansowania książki [ , ]
    • a
    • Tekst uwagi
    • Publikacja sfinansowana ze środków Narodowego Centrum Nauki przyznanych na podstawie decyzji /d DEC-2011/03/D/HS5/01570/1
546 -Uwaga dot. języka [ , ]
    • a
    • Uwaga dot. języka
    • Streszczenie w języku angielskim.
650 -Hasło przedmiotowe [ ,7]
    • a
    • Hasło przedmiotowe
    • Arabska Wiosna (2010- ).
    • 2
    • Źródło terminu
    • kaba
    • 9
    • KHW
    • 201306
650 -Hasło przedmiotowe [ ,7]
    • a
    • Hasło przedmiotowe
    • Islamizm
    • z
    • Określnik geograficzny
    • Egipt
    • y
    • Określnik chronologiczny
    • 1990-.
    • 2
    • Źródło terminu
    • kaba
    • 9
    • KHW
    • 499686
650 -Hasło przedmiotowe [ ,7]
    • a
    • Hasło przedmiotowe
    • Islamizm
    • z
    • Określnik geograficzny
    • Tunezja
    • y
    • Określnik chronologiczny
    • 1990-.
    • 2
    • Źródło terminu
    • kaba
    • 9
    • KHW
    • 501942
650 -Hasło przedmiotowe [ ,7]
    • a
    • Hasło przedmiotowe
    • Islam i polityka
    • z
    • Określnik geograficzny
    • Egipt
    • y
    • Określnik chronologiczny
    • 1990-.
    • 2
    • Źródło terminu
    • kaba
    • 9
    • KHW
    • 499681
650 -Hasło przedmiotowe [ ,7]
    • a
    • Hasło przedmiotowe
    • Islam i polityka
    • z
    • Określnik geograficzny
    • Tunezja.
    • 2
    • Źródło terminu
    • kaba
    • 9
    • KHW
    • 499021
650 -Hasło przedmiotowe [ ,7]
    • a
    • Hasło przedmiotowe
    • Politycy
    • v
    • Określnik formalny
    • rozmowy.
    • 2
    • Źródło terminu
    • kaba
    • 9
    • KHW
    • 378360
650 -Hasło przedmiotowe [ ,7]
    • a
    • Hasło przedmiotowe
    • Islam
    • x
    • Określnik rzeczowy
    • aspekt społeczny
    • z
    • Określnik geograficzny
    • Egipt
    • y
    • Określnik chronologiczny
    • 1990-.
    • 2
    • Źródło terminu
    • kaba
    • 9
    • KHW
    • 499682
650 -Hasło przedmiotowe [ ,7]
    • a
    • Hasło przedmiotowe
    • Islam
    • x
    • Określnik rzeczowy
    • aspekt społeczny
    • z
    • Określnik geograficzny
    • Tunezja
    • y
    • Określnik chronologiczny
    • 1990-.
    • 2
    • Źródło terminu
    • kaba
    • 9
    • KHW
    • 501956
651 -Hasło przedmiotowe w formie nazwy geograficznej [ ,7]
    • a
    • Nazwa geograficzna
    • Egipt
    • x
    • Określnik rzeczowy
    • polityka i rządy
    • y
    • Określnik chronologiczny
    • 1981-2011.
    • 2
    • Źródło terminu
    • kaba
    • 9
    • KHW
    • 107303
651 -Hasło przedmiotowe w formie nazwy geograficznej [ ,7]
    • a
    • Nazwa geograficzna
    • Tunezja
    • x
    • Określnik rzeczowy
    • polityka i rządy
    • y
    • Określnik chronologiczny
    • 1987-2011.
    • 2
    • Źródło terminu
    • kaba
    • 9
    • KHW
    • 224308
710 -Hasło dodatkowe - nazwa ciała zbiorowego [2, ]
    • a
    • Nazwa ciała zbiorowego lub nazwa geograficzna jako pierwszy element (NP)
    • Zakład Wydawniczy Nomos.
    • e
    • Rodzaj współpracy
    • Wydawca
    • 4
    • Kod relacji
    • pbl
    • 9
    • KHW
    • 52875
920 -ISBN [ , ]
    • a
    • ISBN
    • 978-83-7688-535-3 Find
Status udost. Data inwentaryzacji Lokalizacja Numer inwentarzowy
12019-11-25BGZ.123912
-32019-12-06BGWM.24404
-32019-12-06BGWM.24405
-32019-06-13BNSH.32973
12019-06-13BNSH.32972